| 000 | 00439nam a2200157Ia 4500 | ||
|---|---|---|---|
| 003 | SGT | ||
| 082 |
_a621.381 _bMAL |
||
| 100 | _aMalhotra,Jyoteesh | ||
| 245 | 2 | _aA text book of Analog Electronics-1 | |
| 260 |
_bEagle Prakashan (Regd.) _aJalandhar _c2008 |
||
| 300 | _aV.p. | ||
| 650 | _aELECTRICAL ENGINEERING | ||
| 653 | _aOBJECTIVE QUESTION BANK , TRANSISTOR BIASING, FIELD EFFECT TRANSISTOR | ||
| 700 | _aSingh,A.D | ||
| 942 |
_2ddc _cBK |
||
| 999 |
_c5705 _d5705 |
||